000 00212nam a2200085Ia 4500
008 120527s9999 xx 000 0 und d
100 _aSherman , et al
245 _aWorld Civilization : sources, images
942 _cBK
999 _c27706
_d27706